Catálogo
 En Linea

Temas de nuestro tiempo / (Registro nro. 14169)

Detalles MARC
000 -CABECERA
campo de control de longitud fija 00488nam a2200157 a 4500
001 - NÚMERO DE CONTROL
campo de control 000014583
005 - FECHA Y HORA DE LA ÚLTIMA TRANSACCIÓN
campo de control 20240305124616.0
008 - DATOS DE LONGITUD FIJA--INFORMACIÓN GENERAL
campo de control de longitud fija 100115s1983 dr r 001 0 spa d
040 ## - FUENTE DE LA CATALOGACIÓN
Centro catalogador/agencia de origen DO-SdBNP
Lengua de catalogación spa
Centro/agencia transcriptor BNPHU
082 ## - NÚMERO DE LA CLASIFICACIÓN DECIMAL DEWEY
Número de clasificación xxxc
Número de documento/Ítem C957t
100 1# - ENTRADA PRINCIPAL--NOMBRE DE PERSONA
Nombre de persona Cruz Infante, José A.,
Forma completa/desarrollada del nombre (José Abigail)
9 (RLIN) 2460
245 10 - MENCIÓN DE TÍTULO
Título Temas de nuestro tiempo /
Mención de responsabilidad, etc. José A. Cruz Infante.
260 ## - PUBLICACIÓN, DISTRIBUCIÓN, ETC.
Lugar de publicación, distribución, etc. Santo Domingo :
Nombre del editor, distribuidor, etc. Educativa Dominicana,
Fecha de publicación, distribución, etc. 1983.
300 ## - DESCRIPCIÓN FÍSICA
Extensión 137 p. ;
Dimensiones 22 cm.
590 ## - NOTA LOCAL (RLIN)
Nota local Inventariado, 2019/BT
Existencias
Estado de retiro Estado de pérdida Restricciones de uso No para préstamo Código de colección Localización permanente Ubicación/localización actual Ubicación en estantería Fecha de adquisición Número de inventario Total de préstamos Signatura topográfica completa Código de barras Fecha visto por última vez Número de copia Precio válido a partir de Tipo de ítem Koha Nota pública
        Dominicana de Servicio General General Depósito 25.07.2019 LF1   xxxc C957t 14583-30 25.06.2020 e.3 25.06.2020 Libro y Folleto Colección Dominicana de Servicio Perteneció a la biblioteca personal de la familia Reyes Duluc.
      Excluido de préstamo Patrimonio Dominicano Patrimonio Dominicano Patrimonio Dominicano Depósito 15.01.2010 LF1   xxxc C957t 14583-10 25.06.2020   25.06.2020 Libro y Folleto Colección Patrimonio Dominicano  
      Excluido de préstamo Patrimonio Dominicano Patrimonio Dominicano Patrimonio Dominicano Depósito 15.01.2010 LF1   xxxc C957t 14583-20 25.06.2020 e.2 25.06.2020 Libro y Folleto Colección Patrimonio Dominicano  

Con tecnología Koha